| 000 | 01733nam a2200241Ia 4500 | ||
|---|---|---|---|
| 001 | b6391-45645 | ||
| 003 | IT-MiCISF | ||
| 005 | 20230314121421.0 | ||
| 008 | 161014s9999||||xx |||||||||||||| ||und|| | ||
| 040 |
_aIT-MiCISF _cIT-MiCISF |
||
| 041 | _ait | ||
| 100 |
_aRonfani Paola (a cura di) _959693 |
||
| 245 | 0 |
_aNon è giusto! _bDilemmi morali e senso della giustizia nelle rappresentazioni degli adolescenti |
|
| 260 |
_a Roma, _bDonzelli, _c2007 |
||
| 300 | _app. 169 | ||
| 500 | _aadolescenza, norme-morali, sviluppo-morale, infanzia, filosofia | ||
| 520 | _aIl volume affronta il tema dei sentimenti e delle rappresentazioni degli adolescenti in merito a questioni di giustizia, all'attribuzione di responsabilità nei confronti dell'ingiustizia e al suo grado di tollerabilità. L'obiettivo è quello di gettare luce sulla concezione «popolare» della giustizia propria dei bambini e degli adolescenti, facendo riferimento ai più recenti orientamenti in ambito psicologico e sociologico, secondo i quali essi sono attori sociali che posseggono specifiche competenze nel formulare giudizi morali e nell'assumere decisioni etiche. In particolare, è nell'adolescenza che i concetti di giustizia e ingiustizia assumono una valenza operativa molto importante, perché è questo il periodo in cui i valori che vi sottostanno possono indurli a prendere impegni di natura civica. L'argomento è esaminato attraverso un'approfondita analisi degli studi teorici ed empirici in materia e con un'indagine ad hoc realizzata su un campione di adolescenti italiani. | ||
| 650 |
_a età-evolutiva _e009 _956123 |
||
| 654 | _asaggio | ||
| 700 |
_aBosisio R., Cammarata R., Tincani P. _959694 |
||
| 942 |
_cBK _2ddc |
||
| 999 |
_c210657 _d210657 |
||
| 999 | _bsi | ||